00409nam a2200145 a 4500008004100000050001500041100002400056245004800080246004000128250001200168260003200180300002200212350000900234700002000243120416s1973 ||||||||||||||||| || u aHM 101 Soc aEtzioni-Halevy, Eva10aSocial changecedited by Eva Etzioni-Halevy asources, patterns, and consequences a2nd ed. aNew YorkbBasic Booksc1973 axii, 559p. : ill. a0.00 aEtzioni, Amitai